Sexuální zneužívání dětí a sexuální násilí : sborník z konference East-West, Praha 1996 /

Další autoři: Dunovský, Jiří, 1930-2015, Trojan, Ondřej, 1958-, Weiss, Petr, 1954-
Jazyk: Čeština
Vydáno: Praha : Ministerstvo práce a sociálních věcí České republiky, 1997
Vydání: Vyd. 1.
Témata:
Externí odkaz: Digitalizovan dokument
Fyzický popis: 220 s. ; 20 cm
Knihy
Uloženo v:
LEADER 01554nam a2200349 a 4500
001 000245694
003 CZ BrMZK
005 20240418095719.0
007 ta
008 020626s1997 xr f |||| 0 cze d
015 |a cnb000287948 
020 |a 80-85529-31-9 
035 |a (OCoLC)38762196 
040 |a BOA001  |b cze 
072 7 |a 364  |x Sociální problémy vyžadující podporu a pomoc. Sociální zabezpečení  |2 Konspekt  |9 18 
080 |a 364.633-053.2  |2 MRF 
080 |a (062.534)  |2 MRF 
245 0 0 |a Sexuální zneužívání dětí a sexuální násilí :  |b sborník z konference East-West, Praha 1996 /  |c [uspořádali: Jiří Dunovský, Ondřej Trojan, Petr Weiss] 
250 |a Vyd. 1. 
260 |a Praha :  |b Ministerstvo práce a sociálních věcí České republiky,  |c 1997 
300 |a 220 s. ;  |c 20 cm 
650 0 7 |a sexuální zneužívání dětí  |7 ph139044  |2 czenas 
655 7 |a sborníky konferencí  |7 fd133333  |2 czenas 
700 1 |a Dunovský, Jiří,  |d 1930-2015  |7 jn19981000799  |4 com 
700 1 |a Trojan, Ondřej,  |d 1958-  |7 xx0101861  |4 com 
700 1 |a Weiss, Petr,  |d 1954-  |7 jn20000402680  |4 com 
856 4 1 |u http://www.digitalniknihovna.cz/mzk/uuid/uuid:b24f4460-b611-11ea-998c-005056827e51  |y Digitalizovan dokument 
910 |a BOA001  |b 2-1038.267  |b PK-0129.226 
920 |a 000281244 
990 |a BK 
996 6 |b 2610060156  |c 2-1038.267  |l MZK  |r Sklad / do 1 hodiny  |n 66  |p p.v. ; nelze digi.  |w 000245694  |u 000010  |a 1  |e BOA001  |j MZK50  |s P 
996 7 |b 3119010914  |c PK-0129.226  |l MZK  |r Sklad / do 1 hodiny  |n 76  |p kup  |w 000245694  |u 000020  |a 1  |e BOA001  |j MZK50  |s A